000 00531nam a2200217Ia 4500
008 160803s9999 xx 000 0 und d
020 _a9780545035187
100 _aStine, R.L
245 _aHow I got my shrunken head /
245 _cR.L. Stine.
260 _aNew York :
260 _bScholastic Inc.
260 _c1996
300 _a119, [13] pages ;
300 _c20 cm.
440 _aGoosebumps original series ;
440 _vbk. 9.
650 _aFantasy fiction.
650 _aHorror tales.
700 _a450
999 _c299212
_d299212